Statistics for Countries Closest to Kazakhstan - 15 Second Sprint

Click here to take the quiz!

General Stats

  • This quiz has been taken 77 times
  • The average score is 6 of 20

Answer Stats

kmcountrymiles% Correct
0Russia0
89%
0China0
75%
0Uzbekistan0
65%
59Tajikistan36
57%
0Kyrgyzstan0
55%
0Turkmenistan0
51%
39Mongolia24
46%
428Georgia266
25%
808India502
25%
299Afghanistan186
20%
342Iran213
20%
530Pakistan329
20%
533Armenia331
17%
227Azerbaijan141
12%
836Iraq520
11%
666Turkey414
11%
476Ukraine276
11%
1004Syria624
6%
1050Belarus652
5%
1251Moldova777
3%

Score Distribution

Percentile by Number Answered

Percent of People with Each Score

Your Score History

You have not taken this quiz